000 00890nam a2200181Ia 4500
999 _c38185
_d38185
003 Ge_BSU
005 20190919152233.0
008 181216s||||||||xx |||||||||||||| ||und||
041 _ageo
080 _a39(479.223) ა-95
245 _aაჭარის მოსახლეობის ყოფისა და კულტურის საკითხები :
_bსტატიების კრებული /
_cრედ. ა. ინაიშვილი.
264 _aთბ. :
_bმეცნიერება,
_c1967.
300 _a132 გვ. :
_b15ფ. ილ. ;
_c21 სმ.
520 _aრეზ. რუს. ენ.
700 _aინაიშვილი, ა.
_eრედაქტორი
_94129
710 _aსაქ. სსრ მეცნ. აკად., ბათუმის სამეცნ.-კვლევ. ინ-ტი
_94130
942 _cBK
_2udc